Gas release of the dielectric coating of an anode and its effect on the characteristics of an ion diode with electron flux insulation by a radial magnetic field; Technical Physics Letters; Vol. 43, iss. 1

Detalhes bibliográficos
Parent link:Technical Physics Letters: Scientific Journal
Vol. 43, iss. 1.— 2017.— [P. 12-15]
Autor Corporativo: Национальный исследовательский Томский политехнический университет
Outros Autores: Lopatin V. S. Valery Stepanovich, Stepanov A. V. Andrey Vladimirovich, Remnev G. E. Gennady Efimovich, Shamanin V. I. Vitaly Igorevich, Veresov A. E. Aleksandr Evgenjevich
Resumo:Title screen
Generation of an ion beam by an ion diode is accompanied by the release of gas from the surface of the dielectric coating of the anode. The magnitude of the pulse pressure of gas in the vacuum chamber depends on the type of the dielectric used and can reach 6 x 10[–4]–2 x 10[–3] mm Hg. The magnitude of the limit vacuum chamber pressure at which ion beam parameters remain constant has been found. Characteristics of the ion beam current in the vacuum chamber pressure range of 2 x 10[–4]–1.3 x 10[–3] mm Hg are presented.
Режим доступа: по договору с организацией-держателем ресурса
Idioma:inglês
Publicado em: 2017
Assuntos:
Acesso em linha:http://dx.doi.org/10.1134/S1063785016120087
Formato: MixedMaterials Recurso Electrónico Capítulo de Livro
KOHA link:https://koha.lib.tpu.ru/cgi-bin/koha/opac-detail.pl?biblionumber=654203

MARC

LEADER 00000naa0a2200000 4500
001 654203
005 20250513122345.0
035 |a (RuTPU)RU\TPU\network\19741 
090 |a 654203 
100 |a 20170414d2017 k||y0rusy50 ba 
101 0 |a eng 
135 |a drcn ---uucaa 
181 0 |a i  
182 0 |a b 
200 1 |a Gas release of the dielectric coating of an anode and its effect on the characteristics of an ion diode with electron flux insulation by a radial magnetic field  |f V. S. Lopatin [et al.] 
203 |a Text  |c electronic 
300 |a Title screen 
320 |a [References: p. 14-15 (10 tit.)] 
330 |a Generation of an ion beam by an ion diode is accompanied by the release of gas from the surface of the dielectric coating of the anode. The magnitude of the pulse pressure of gas in the vacuum chamber depends on the type of the dielectric used and can reach 6 x 10[–4]–2 x 10[–3] mm Hg. The magnitude of the limit vacuum chamber pressure at which ion beam parameters remain constant has been found. Characteristics of the ion beam current in the vacuum chamber pressure range of 2 x 10[–4]–1.3 x 10[–3] mm Hg are presented. 
333 |a Режим доступа: по договору с организацией-держателем ресурса 
461 |t Technical Physics Letters  |o Scientific Journal 
463 |t Vol. 43, iss. 1  |v [P. 12-15]  |d 2017 
610 1 |a электронный ресурс 
610 1 |a труды учёных ТПУ 
610 1 |a газовыделение 
610 1 |a диэлектрические покрытия 
610 1 |a ионные диоды 
610 1 |a ионные пучки 
701 1 |a Lopatin  |b V. S.  |g Valery Stepanovich 
701 1 |a Stepanov  |b A. V.  |c physicist  |c Researcher of Tomsk Polytechnic University  |f 1981-  |g Andrey Vladimirovich  |3 (RuTPU)RU\TPU\pers\32029  |9 16076 
701 1 |a Remnev  |b G. E.  |c physicist  |c Professor of Tomsk Polytechnic University, Doctor of technical sciences  |f 1948-  |g Gennady Efimovich  |3 (RuTPU)RU\TPU\pers\31500 
701 1 |a Shamanin  |b V. I.  |c physicist  |c engineer at Tomsk Polytechnic University  |f 1989-  |g Vitaly Igorevich  |3 (RuTPU)RU\TPU\pers\37443 
701 1 |a Veresov  |b A. E.  |g Aleksandr Evgenjevich 
712 0 2 |a Национальный исследовательский Томский политехнический университет  |c (2009- )  |9 26305 
801 2 |a RU  |b 63413507  |c 20170426  |g RCR 
850 |a 63413507 
856 4 |u http://dx.doi.org/10.1134/S1063785016120087 
942 |c CF